书目信息 |
| 题名: |
考研日语精讲精练
|
|
| 作者: | 唐晓红 , 莜蕾 主编 | |
| 分册: | 阅读+翻译+作文 | |
| 出版信息: | 上海 华东理工大学出版社 2021.11 |
|
| 页数: | 197页 | |
| 开本: | 26cm | |
| 丛书名: | ||
| 单 册: | ||
| 中图分类: | H360.421 | |
| 科图分类: | ||
| 主题词: | 日语--ri yu--研究生--入学考试--升学参考资料 | |
| 电子资源: | ||
| ISBN: | 978-7-5628-6563-6 | |
| 000 | 00997nam 2200241 450 | |
| 001 | 27227 | |
| 005 | 20220921095019.90 | |
| 010 | @a978-7-5628-6563-6@dCNY50.00 | |
| 100 | @a20220104d2021 em y0chiy50 ea | |
| 101 | 0 | @achi@ajpn |
| 102 | @aCN@b310000 | |
| 105 | @ak z 000yy | |
| 200 | 1 | @a考研日语精讲精练@Akao yan ri yu jing jiang jing lian@i阅读+翻译+作文@f唐晓红, 莜蕾主编 |
| 210 | @a上海@c华东理工大学出版社@d2021.11 | |
| 215 | @a197页@d26cm | |
| 330 | @a本书针对考研日语中的阅读、翻译与作文部分进行编写, 以大纲为基础, 以历年的真题为材料, 研究了历年真题的特点与出题倾向, 给出了分析讲解, 帮助学生快速抓住要点, 找到解题思路, 避免陷入解题误区。让考生在短期内实现在阅读、翻译、写作能力上的突破。 | |
| 517 | 1 | @a阅读+翻译+作文@Ayue du + fan yi + zuo wen |
| 606 | 0 | @a日语@Ari yu@x研究生@x入学考试@j升学参考资料 |
| 690 | @aH360.421@v5 | |
| 701 | 0 | @a唐晓红@Atang xiao hong@4主编 |
| 701 | 0 | @a莜蕾@Ayou lei@4主编 |
| 801 | 0 | @aCN@c20220910 |
| 905 | @a河南城建学院图书馆@dH360.421@eT260@f2 | |
| 考研日语精讲精练.阅读+翻译+作文/唐晓红, 莜蕾主编.-上海:华东理工大学出版社,2021.11 |
| 197页;26cm |
| ISBN 978-7-5628-6563-6:CNY50.00 |
| 本书针对考研日语中的阅读、翻译与作文部分进行编写, 以大纲为基础, 以历年的真题为材料, 研究了历年真题的特点与出题倾向, 给出了分析讲解, 帮助学生快速抓住要点, 找到解题思路, 避免陷入解题误区。让考生在短期内实现在阅读、翻译、写作能力上的突破。 |
| ● |
| 相关链接 |
|
|
|
正题名:考研日语精讲精练
索取号:H360.421/T260
 
预约/预借
| 序号 | 登录号 | 条形码 | 馆藏地/架位号 | 状态 | 备注 |
| 1 | 1579113 | 215791132 | 语言库209/209语言库 126排2列4层/ [索取号:H360.421/T260] | 在馆 | |
| 2 | 1579114 | 215791141 | 语言库209/209语言库 126排2列4层/ [索取号:H360.421/T260] | 在馆 |